[Event "BCF-chT3b 0001 (4NCL)"]
[Site "Birmingham"]
[Date "2001.03.17"]
[Round "7.2"]
[White "Donnelly, Michael J"]
[Black "Jones, Richard S"]
[Result "0-1"]
[WhiteElo "1976"]
[BlackElo "2122"]
[PlyCount "160"]
[EventDate "2000.11.26"]
[EventType "team-tourn"]
[EventRounds "7"]
[EventCountry "ENG"]
[SourceTitle "EXT 2002"]
[Source "ChessBase"]
[SourceDate "2001.11.25"]
[SourceVersion "1"]
[SourceVersionDate "2001.11.25"]
[SourceQuality "1"]
[WhiteTeam "BCCA II"]
[BlackTeam "Nidum Knights"]
[WhiteTeamCountry "ENG"]
[BlackTeamCountry "ENG"]

1. d4 Nf6 2. c4 c6 3. Nf3 d5 4. cxd5 cxd5 5. Nc3 Nc6 6. Bf4 Bf5 7. e3 e6 8. Bb5 Nd7 9. Qa4 Qb6 10. 0-0 Be7 11. Rac1 0-0 12. h3 a6 13. Bxc6 bxc6 14. Rfd1 Rfd8 15. Rd2 c5 16. dxc5 Nxc5 17. Qd1 Rac8 18. Be5 Nb7 19. Nd4 Bg6 20. Nb3 Nd6 21. Na4 Qb5 22. Bxd6 Bxd6 23. Rxc8 Rxc8 24. Nc3 Qb8 25. Qe2 Qb6 26. e4 Bf4 27. Rd1 dxe4 28. Nxe4 h6 29. Nc3 Bb8 30. Nd4 Qc7 31. g3 Qb6 32. Kh2 Ba7 33. Kg2 Rd8 34. Nf3 Rb8 35. Rd2 Qc6 36. Kg1 Qc7 37. Kg2 Qb7 38. Kg1 Rc8 39. Ne5 Qb8 40. Kg2 Qa8+ 41. Qf3 Bh7 42. Qxa8 Rxa8 43. Rd7 f6 44. Nc6 Bc5 45. Nd8 Bb4 46. g4 Bxc3 47. bxc3 Be4+ 48. f3 Bd5 49. Rd6 Bxa2 50. Nxe6 Bxe6 51. Rxe6 a5 52. Re1 a4 53. Ra1 Kf7 54. Kf2 Ke6 55. Ke3 Kd5 56. Kd3 a3 57. h4 a2 58. f4 Ra3 59. g5 f5 60. gxh6 gxh6 61. h5 Kc5 62. Kc2 Kc4 63. Kb2 Ra7 64. Kc2 Rg7 65. Rxa2 Rg2+ 66. Kb1 Rxa2 67. Kxa2 Kxc3 68. Ka3 Kd3 69. Kb4 Ke4 70. Kc5 Kxf4 71. Kd5 Kg3 72. Ke5 f4 73. Kf5 f3 74. Kg6 f2 75. Kxh6 f1Q 76. Kg7 Qa1+ 77. Kg6 Qh8 78. h6 Kf4 79. h7 Kg4 80. Kh6 Qf6# 0-1

[Event "BCF-chT3b 0001 (4NCL)"]
[Site "Birmingham"]
[Date "2000.09.24"]
[Round "2.4"]
[White "Donnelly, Michael J"]
[Black "Taylor, Peter P"]
[Result "0-1"]
[WhiteElo "1976"]
[BlackElo "2191"]
[PlyCount "106"]
[EventDate "2000.11.26"]
[EventType "team-tourn"]
[EventRounds "7"]
[EventCountry "ENG"]
[SourceTitle "EXT 2002"]
[Source "ChessBase"]
[SourceDate "2001.11.25"]
[SourceVersion "1"]
[SourceVersionDate "2001.11.25"]
[SourceQuality "1"]
[WhiteTeam "BCCA II"]
[BlackTeam "Barbican III"]
[WhiteTeamCountry "ENG"]
[BlackTeamCountry "ENG"]

1. d4 Nf6 2. c4 e6 3. Nf3 c5 4. d5 exd5 5. cxd5 d6 6. Nc3 g6 7. e4 a6 8. a4 Bg4 9. Be2 Bxf3 10. Bxf3 Bg7 11. 0-0 Nbd7 12. Bf4 Qc7 13. Qc2 0-0 14. Rae1 Rfe8 15. Be2 Rab8 16. Bg3 c4 17. f4 b5 18. axb5 axb5 19. Bf3 b4 20. Nd1 Nb6 21. Ne3 b3 22. Qb1 c3 23. bxc3 Na4 24. e5 Nxc3 25. Qb2 Nfe4 26. Bxe4 Nxe4 27. Ng4 Nxg3 28. hxg3 Qc5+ 29. Kh2 dxe5 30. fxe5 Qxd5 31. Nf6+ Bxf6 32. exf6 Qh5+ 33. Kg1 Qc5+ 34. Kh2 Qc2 35. Rxe8+ Rxe8 36. Rf2 Qxb2 37. Rxb2 Rb8 38. g4 h6 39. Kg3 Rb4 40. Kf3 Kf8 41. Ke2 Ke8 42. Kd2 Kd7 43. g5 hxg5 44. Kc3 Rb6 45. Rd2+ Ke6 46. Kb2 Kxf6 47. Rf2+ Kg7 48. g4 Rb5 49. Rg2 Rb4 50. Rg1 Kf6 51. Kc3 Rb7 52. Kb2 Ke5 53. Rf1 f5 0-1